000 01389nam a2200289Ia 4500
001 D8528
003 IT-RoPAU
008 130308s9999 xx 000 0 und d
040 _aIT-RoPAU
040 _cIT-RoPAU
041 _aITALIANO
100 _aSocci Stefano
100 _gCodice Aut. SPICS: 21319
245 _aBernardo Bertolucci
245 _bBernardo Bertolucci
250 _a1a ed.
260 _aMILANO
260 _bIl Castoro
260 _c1996 [1° Ed.:1996 - Ed.Ling.Originale:1996]
300 _a"128 p. (prefazione: no ; testo: 128)"
500 _aVita e Opere del Grande Regista. Nasce a Parma nel 1941. La Sua Poetica delle Emozioni Ha Lasciato un Segno Indelebile nel Cinema. da ultimo tango a Parigi (1972) a Novecento (1976), da l'ultimo Imperatore (1987) a Io Ballo da sola (1996), Ha Alternato Film di culto e Kolossal. Oltre le varie Collaborazioni e Opere minori o Documentaristiche, Soprattutto Riflessioni e Schede dei Suoi Grandi Film: la Commare Secca, Prima della Rivoluzione, Partner, Strategia del Ragno, Il Conformista, ultimo tango a Parigi, Novecento, la Luna, la Tragedia di un Uomo Ridicolo, l'ultimo Imperatore, Il Te' nel Deserto, Piccolo Buddha, Io Ballo da Sola. Filmografia, videografia e Bibliografia.
650 _aAUTORI/OPERE DEL CINEMA
650 _eCodice materia Spics: 6807
942 _cBK
957 _71
999 _c92934
_d92934
999 _g1